| 000 | 01107nac a22003497a 4500 | ||
|---|---|---|---|
| 001 | BR0803112 | ||
| 003 | BR-BrBNA | ||
| 005 | 20240105123538.0 | ||
| 008 | 230509b bl.|||m| |||| 00| 0 por d | ||
| 040 |
_aBR-BrBNA _bpor _cBiblioteca Nacional de Agricultura |
||
| 072 | _aL01; N10 | ||
| 090 | _a6100 BR0803112 | ||
| 100 | 1 | _aAbreu, V.M.N. | |
| 100 | 1 | _aAbreu, P.G. de | |
| 100 | 1 | _aSchmidt, G.S. | |
| 100 | 1 | _aJaenisch, F.R.F. | |
| 100 | 1 | _aPaiva, D.P. de | |
| 100 | 1 | _aLudke, J.V. | |
| 110 | 1 | _aEMBRAPA Suínos e Aves, Concórdia, SC (Brasil) | |
| 245 | 1 | _aDesempenho produtivo e relação custo x benefício da utilização de forro na criação de aves | |
| 260 | 3 |
_aConcórdia, SC (Brasil): _c2005. |
|
| 300 | _a4 p. | ||
| 490 |
_aComunicado Técnico - EMBRAPA Suínos e Aves (Brazil) _vno. 413 _xISSN 0100-8862 |
||
| 500 | _a7 ref. | ||
| 650 | _aFRANGO DE CORTE | ||
| 650 | _aPERFORMANCE | ||
| 650 | _aCUSTO DE PRODUÇÃO | ||
| 650 | _aINSTALAÇÃO PARA ANIMAL | ||
| 650 | _aCONDIÇÃO AMBIENTAL | ||
| 909 |
_a202312 _bLúcia Elande _c55 _dLúcia Elande |
||
| 942 |
_2AGRIS _n0 _cMS |
||
| 999 |
_c295935 _d295935 |
||